| 000 | 00523cam a2200205ua 4500 | ||
|---|---|---|---|
| 020 | _c7.50 | ||
| 041 |
_amal _h |
||
| 082 |
_a581 _bVAS/SA |
||
| 100 | _aVasudevan Nair, R . | ||
| 245 |
_aSasya vargeekarana tathwangal / _cR.Vasudevan Nair. _hTextual Documents |
||
| 260 |
_aThiruvananthapuram : _bState Instititute of Languages , _c1971. |
||
| 300 | _a294 ; . | ||
| 365 | _a7.50 | ||
| 504 | _a | ||
| 942 | _cBK | ||
| 999 |
_c6182 _d6182 |
||